000 00753cab a2200241 4500
001 WB3426-14
008 090401t1998 xxu||||| |||| 00| 0 eng d
035 _a(Sirsi) u87240
041 _aeng
245 _aIndustrial rents
260 _c1998
350 _a0
490 _aProperty Week
_v63(11) 3 July 1998, 8(1)
520 _aThe latest industrial floorspace survey from King Sturge shows that rents remain shaky despite floorspace availability reaching its lowest level for seven years.
650 _a1998
650 _aINDUSTRIAL MARKET
650 _aINDUSTRIAL RENTS
650 _aINDUSTRIAL SPACE
650 _aKING STURGE
690 _aPROPERTY-COMMERCIAL PROPERTY-COMMERCIAL PROPERTY MARKET
942 _n0
948 _c07/07/1998
999 _c55011
_d55011